| 000 | 01105nam a2200277 a 4500 | ||
|---|---|---|---|
| 003 | BD-DhJNU | ||
| 005 | 20251009040236.0 | ||
| 008 | 080509s2009 cauab 001 0 eng d | ||
| 020 | _a9780495555063 | ||
| 020 | _a0495555061 | ||
| 040 |
_aBD-DhJNU _bENG _cBD-DhJNU _dBD-DhJNU |
||
| 082 | 0 | 4 |
_a910.02 PHY _223 |
| 245 | 0 | 0 |
_aPhysical geography / _cRobert E. Gabler ... [et al.]. |
| 250 | _a9th ed. | ||
| 260 |
_aBelmont, CA : _bBrooks/Cole, Cengage Learning, _cc2009. |
||
| 300 |
_axxvii, 641 p. : _bcol. ill., col. maps ; _c29 cm. |
||
| 500 | _aRev. ed. of: Essentials of physical geography. 8th ed. 2006. | ||
| 500 | _aIncludes index. | ||
| 650 | 0 |
_aPhysical geography _vTextbooks. |
|
| 700 | 1 | _aGabler, Robert E. | |
| 730 | 0 | _aEssentials of physical geography. | |
| 856 | 4 | 2 |
_3Contributor biographical information _uhttp://www.loc.gov/catdir/enhancements/fy1104/2008928956-b.html |
| 856 | 4 | 2 |
_3Publisher description _uhttp://www.loc.gov/catdir/enhancements/fy1104/2008928956-d.html |
| 856 | 4 | 1 |
_3Table of contents only _uhttp://www.loc.gov/catdir/enhancements/fy1104/2008928956-t.html |
| 942 | _cBK | ||
| 999 |
_c2205 _d2205 |
||